Kĩ thuật phần mềm Cách tiếp cận của người thực hành

Gardado en:
Detalles Bibliográficos
Autor Principal: ROGER S. PRESSMAN
Formato: Libro
Idioma:Undetermined
Publicado: Hà Nội Giáo Dục 2001
Những chủ đề:
Các nhãn: Engadir etiqueta
Sen Etiquetas, Sexa o primeiro en etiquetar este rexistro!
Thư viện lưu trữ: Trung tâm Học liệu Trường Đại học Cần Thơ
LEADER 00577nam a2200181Ia 4500
001 CTU_45507
008 210402s9999 xx 000 0 und d
082 |a 005.1 
082 |b P935 
100 |a ROGER S. PRESSMAN 
245 0 |a Kĩ thuật phần mềm 
245 0 |b Cách tiếp cận của người thực hành 
245 0 |c ROGER S. PRESSMAN, Ngô Việt Trung 
260 |a Hà Nội 
260 |b Giáo Dục 
260 |c 2001 
650 |a programming languages,software engineering 
980 |a Trung tâm Học liệu Trường Đại học Cần Thơ